00558 2200229 4500001002100000005001500021035002000036007000300056008004100059020001800100082001000118084001600128100002000144245003700164250001000201260003600211300003100247650001800278700001000296990001100306990001100317INLIS00000000000624920210209030822 a0010-0221000013ta210209 c 1 ind  a979-666-347-3 a741.5 a741.5 BAM p0 aBAMBANG, Irawan1 aPandawa /cBambang Irawan, Harry acet.1 aJakarta :bBalai Pustaka,c2001 a31 hal. :bilus. ;c25 cm. 4aKOMIK. BACAAN0 aHARRY a7748 a a7748 b